Élément Dragon City - Statistiques

Statistiques générales
  • Ce quiz a été pris 54 fois
  • Le résultat moyen est 12 sur 21
Statistiques - réponses
Hint Réponse % Correct
Types Terre
87%
Flamme
82%
Lumière
74%
Marée
72%
Métal
72%
Nature
72%
Électrique
64%
Pur
62%
Gel
59%
Vent
56%
Primitif
54%
Bataille
51%
Beauté
51%
Obscure
49%
Âme
46%
Temps
46%
Légende
44%
Chaos
41%
Bonheur
38%
Rêve
38%
Magic
28%
Aucun quiz correspondant
Distribution des résultats
% des personnes avec chaque résultat
Percentile par nombre de réponses
Votre historique - résultats
Vous n’avez pas pris ce quiz